000 00682nam a2200241 i 4500
001 C2-0218393
003 PPAK
005 20180728110823.0
008 990728s1999 my a|||| ||||| | may d
020 _a9836259864
040 _aPPAK
_beng
_cPPAK
_erda
082 0 4 _a899.231
_2 23
090 0 0 _a899.231
_bSIT
_dG
100 0 _aSiti Zaleha Bee Muhamad Hashim,
_eauthor
245 1 0 _aCamar di cangkir bumi
264 1 _aKuala Lumpur :
_bDewan Bahasa dan Pustaka ,
_c1999
300 _axvii, 110 pages :
_billustrations ;
_c22 cm
336 _2rdacontent
_atext
337 _2rdamedia
_aunmediated
338 _2rdacarrier
_avolume
650 1 0 _aMalay poetry
942 _ddc
_cB
999 _c161308
_d161308